000 00333nam a2200145 i 4500
001 bg
100 1 _aMARCOLLA, K.
245 0 _aZarys spawalnictwa /
_cK. Marcolla.
250 _aWyd. 3 rozsz. i uaktual.
260 _aPoznaƄ,
_c1991.
040 _cBPK
041 _apol
942 _cKS
008 s pl f |000 0 pol
999 _c4596
_d4596
856 _uhttp://koha.tu.koszalin.pl/cgi-bin/koha/opac-detail.pl?biblionumber=4596
_yKatalog online BPK